The legacy of Thorstein Veblen
Saved in:
| Other Authors: | |
|---|---|
| Format: | Book |
| Language: | English |
| Published: |
Cheltenham, UK : Northampton, MA :
Edward Elgar Publishing,
c2003
|
| Series: | Intellectual legacies in modern economics ;
; 10 |
| Subjects: | |
| Tags: |
Add Tag
No Tags, Be the first to tag this record!
|
MARC
| LEADER | 00000nam a2200000 i 4500 | ||
|---|---|---|---|
| 001 | 1/70367 | ||
| 008 | 080115s2003 eng d | ||
| 020 | |a 1-84064-722-1 (set) | ||
| 035 | |l 10093659 | ||
| 040 | |a GR-MY-UA |b gre |e aacr | ||
| 041 | 0 | |a eng | |
| 082 | 0 | |a 330.092 |2 (22) | |
| 245 | 1 | 4 | |a The legacy of Thorstein Veblen / |c edited by Rick Tilman |
| 260 | |a Cheltenham, UK : |a Northampton, MA : |b Edward Elgar Publishing, |c c2003 | ||
| 300 | |a 3 τ. (τ.1: xxvii, 516 σ., τ.2: xi, 638 σ., τ.3: xi, 545 σ.); |c 25 εκ. | ||
| 490 | 1 | |a Intellectual legacies in modern economics |v ; 10 | |
| 504 | |a Περιλαμβάνει βιβλιογραφικές παραπομπές και ευρετήριο | ||
| 600 | 1 | 0 | |a Veblen Thorstein |d 1857-1929. |
| 650 | 0 | 0 | |a Economics |z United States |x History. |
| 650 | 0 | 0 | |a Economists |z United States |x Biography. |
| 700 | 1 | |a Tilman, Rick. |4 edt | |
| 830 | 0 | |a Intellectual legacies in modern economics ; |v ; 10 | |
| 852 | |a INST |b CHIOS |e 20080115 |h 330.092 LEG |p 005200027996 |q 005200027996 |t BK |y 0 |z τ.1 | ||
| 852 | |a INST |b CHIOS |e 20080115 |h 330.092 LEG |p 005200028005 |q 005200028005 |t BK |y 0 |z τ.2 | ||
| 852 | |a INST |b CHIOS |e 20080115 |h 330.092 LEG |p 005200028006 |q 005200028006 |t BK |y 0 |z τ.3 | ||
| 852 | |a INST |b CHIOS |e 20080115 |h 330.092 LEG |p 005200027996 |q 005200027996 |t BK |v τ.1: |y 0 |z τ.1 | ||
| 852 | |a INST |b CHIOS |e 20080115 |h 330.092 LEG |p 005200028005 |q 005200028005 |t BK |v τ.2: |y 0 |z τ.2 | ||
| 852 | |a INST |b CHIOS |e 20080115 |h 330.092 LEG |p 005200028006 |q 005200028006 |t BK |v τ.3: |y 0 |z τ.3 | ||
| 853 | |a INST |b CHIOS |h 330.092 LEG | ||
| 901 | |a BIBL2-2008-1 | ||
| 909 | |a Χ |b 142497 | ||
| 909 | |a Χ |b 142498 | ||
| 909 | |a Χ |b 142499 | ||
| 922 | |a 2ΕΛΗ |b 200712 |c ΕΠΕΑΕΚ2/ΤΜΟΔ |d ΕΛΕΥΘΕΡΟΥΔΑΚΗΣ | ||
| 970 | |a ΒΑΡΦΗΣ |b ΒΑΓΓΕΛΗΣ |z 2008/01/15 | ||